The political career of Mohammad Ali Jinnah / (Record no. 331568)

000 -LEADER
fixed length control field 01283cam a2200337 a 4500
001 - CONTROL NUMBER
control field 16095587
003 - CONTROL NUMBER IDENTIFIER
control field NUST
005 - DATE AND TIME OF LATEST TRANSACTION
control field 20171004122202.0
008 - FIXED-LENGTH DATA ELEMENTS--GENERAL INFORMATION
fixed length control field 100218s2010 pk b 001 0 eng
010 ## - LIBRARY OF CONGRESS CONTROL NUMBER
LC control number 2010341194
020 ## - INTERNATIONAL STANDARD BOOK NUMBER
International Standard Book Number 9780195476736
025 ## - OVERSEAS ACQUISITION NUMBER
Overseas acquisition number P-E-2010341194; 31
040 ## - CATALOGING SOURCE
Original cataloging agency DLC
Transcribing agency DLC
042 ## - AUTHENTICATION CODE
Authentication code lcode
043 ## - GEOGRAPHIC AREA CODE
Geographic area code a-pk---
-- a-ii---
050 00 - LIBRARY OF CONGRESS CALL NUMBER
Classification number DS385.J5
Item number M48 2010
082 ## - DEWEY DECIMAL CLASSIFICATION NUMBER
Classification number 954.9042092
Author Mark MET
100 1# - MAIN ENTRY--PERSONAL NAME
Personal name Metz, William S.
Fuller form of name (William Stafford),
Dates associated with a name 1918-1971.
9 (RLIN) 5225
245 14 - TITLE STATEMENT
Title The political career of Mohammad Ali Jinnah /
Statement of responsibility, etc. William S. Metz ; edited by Roger D. Long ; foreword by M.R. Kazimi.
246 30 - VARYING FORM OF TITLE
Title proper/short title Jinnah
260 ## - PUBLICATION, DISTRIBUTION, ETC.
Place of publication, distribution, etc. Karachi :
Name of publisher, distributor, etc. Oxford University Press,
Date of publication, distribution, etc. 2010.
300 ## - PHYSICAL DESCRIPTION
Extent xxxi, 168 p. ;
Dimensions 23 cm.
500 ## - GENERAL NOTE
General note Based on the author's dissertation (Ph. D.)--University of Pennsylvania, 1952.
504 ## - BIBLIOGRAPHY, ETC. NOTE
Bibliography, etc. note Includes bibliographical references (p. [158]-160) and index.
600 10 - SUBJECT ADDED ENTRY--PERSONAL NAME
Personal name Jinnah, Mahomed Ali,
Dates associated with a name 1876-1948.
9 (RLIN) 4251
650 #0 - SUBJECT ADDED ENTRY--TOPICAL TERM
Topical term or geographic name entry element Pakistan movement.
9 (RLIN) 203
650 #0 - SUBJECT ADDED ENTRY--TOPICAL TERM
Topical term or geographic name entry element Statesmen
Geographic subdivision Pakistan
Form subdivision Biography.
9 (RLIN) 4852
651 #0 - SUBJECT ADDED ENTRY--GEOGRAPHIC NAME
Geographic name India
General subdivision Politics and government
Chronological subdivision 1919-1947.
9 (RLIN) 205
700 1# - ADDED ENTRY--PERSONAL NAME
Personal name Long, Roger D.
9 (RLIN) 5226
906 ## - LOCAL DATA ELEMENT F, LDF (RLIN)
a 7
b cbc
c origode
d 3
e ncip
f 20
g y-gencatlg
942 ## - ADDED ENTRY ELEMENTS (KOHA)
Source of classification or shelving scheme
Koha item type Book
Holdings
Withdrawn status Lost status Source of classification or shelving scheme Damaged status Not for loan Collection code Permanent Location Current Location Shelving location Date acquired Total Checkouts Full call number Barcode Date last seen Copy number Price effective from Koha item type
            Central Library (CL) Central Library (CL) Book Cart 10/04/2017   954.9042092 MET CL2479 10/04/2017 1 10/04/2017 Book
© 2023 Central Library, National University of Sciences and Technology. All Rights Reserved.